000 00739nam a2200241Ia 4500
003 OSt
005 20220923225521.0
006 a|||||r|||| 00| 0
007 ta
008 220922b |||||||| |||| 00| 0 mar d
024 _a270,279
037 _cTextual
040 _aARTS
_cARTS
_bmar
041 _2mar
_amar
082 _aO155,3N44,PR, L3
100 _aमुमताज रहिमतपुरे
245 0 _aप्राजक्त
246 _aPrājakta
260 _aपुणे
_b साधना प्रकाशन
_c1973
650 _aमराठी साहित्य
942 _hO155,3N44,PR, L3
_cTEXL
_2CC
999 _c378783
_d378783